Largest countries never mentioned in the Jetpunk Interesting Facts - Statistics

General Stats
  • This quiz has been taken 4 times
  • The average score is 10 of 15
Answer Stats
Rank Answer % Correct
#2 Kazakhstan
100%
#14 Botswana
75%
#5 Chad
75%
#3 Democratic Republic of the Congo
75%
#4 Libya
75%
#7 Mali
75%
#11 Myanmar
75%
#9 Namibia
75%
#10 Zambia
75%
#6 Angola
50%
#13 Central African Republic
50%
#15 Morocco
50%
#8 Pakistan
50%
#12 Somalia
50%
#1 Argentina
25%
No matching quizzes found
Score Distribution
Percent of People with Each Score
Percentile by Number Answered
Your Score History
You have not taken this quiz